| 000 | 01014cam a2200217 4500 | ||
|---|---|---|---|
| 001 | ABS65908 | ||
| 008 | 020920n2002 000 0 eng u | ||
| 035 | _a(Sirsi) u119767 | ||
| 100 | _aKindred, B | ||
| 245 | _aListed building enforcement: resolution by informal notice? | ||
| 260 | _c2002 | ||
| 490 |
_aContext _v (75) July 2002, 33-34(2) |
||
| 520 | _aSuggests that the enforcement of planning controls in the historic environment, and the general weak relationship of effective enforcement, conservation and development control, are clearly admitted weaknesses of the present system, identified by best value. Submits a number of ways a local authority can achieve best practice to save some deployment of conservation and enforcement resources elsewhere. | ||
| 590 | _aABS | ||
| 650 | _aDEVELOPMENT CONTROL | ||
| 650 | _aENFORCEMENT | ||
| 650 | _aPLANNING CONTROL | ||
| 650 | _aBEST VALUE | ||
| 690 | _aBUILT ENVIRONMENT-BUILDING MAINTENANCE AND REFURBISHMENT-BUILDING CONSERVATION | ||
| 942 | _n0 | ||
| 999 |
_c71188 _d71188 |
||